| 000 | 00408nam a2200145 4500 | ||
|---|---|---|---|
| 008 | 0 1983 0an 000 0Mex | ||
| 020 | _a968-451-386-6 | ||
| 050 | _aTS183 K134 | ||
| 082 | _a670 K143p | ||
| 100 | _aKazanas, C. | ||
| 245 | _aProcesos basicos de manufactura / C. Kazanas | ||
| 260 | _aMexico: McGrawHill | ||
| 300 | _a395p, 27cm | ||
| 650 | _a1. MANUFACTURA \ 2. PROCESOS DE MANUFACTURA | ||
| 999 |
_c19725 _d19725 |
||